000 00749nam a2200229 a 4500
001 000003660
005 20240530073930.0
008 090713s2004 dr a 000 0 spa d
020 _a999340442X
040 _aDO-SdBNP
_bspa
_cBNPHU
082 _aRD864.5
_bC313v
100 1 _aCarrasco Rosario, Lilian,
_d1986-
_911225
245 1 3 _aLa vida, la amistad y el amor /
_cLilian Carrasco.
260 _aSanto Domingo :
_bCocolo,
_c2004.
300 _a71p. :
_bil. ;
_c22cm.
500 _aIncluye datos biográficos de la autora en las solapas.
505 0 _tLa vida --
_tLa amistad --
_tEl amor --
_tPosfacio.
650 0 _aEnsayos dominicanos
_965
650 0 _aLiteratura dominicana.
_967
910 _aValidado. Control de calidad EMS
049 _aBNPD
999 _c3483
_d3483